000 00509nam a2200145Ia 4500
008 100204s9999 xx 000 0 und d
082 _b4578
100 _aकानिटकर माधव
245 _aब्र्रह्मपुत्रा
260 _b"कॉन्टीनेंटल बुक सर्व्हिस, पुणे"
_c1962
300 _a184
630 _aब्र्रह्मपुत्रा
730 _aब्र्रह्मपुत्रा
942 _cBOOK
999 _c449300
_d449297